| 000 | 00331nam a2200121Ia 4500 | ||
|---|---|---|---|
| 008 | 210430s9999 xx 000 0 und d | ||
| 082 | _a543.0873 I587 I | ||
| 100 |
_aDavid H.Smith _952556 |
||
| 245 |
_aInoorganic Mass Spectrometry _cDavid H.Smith |
||
| 260 |
_aNew york _bMarcel Dekker _c2000 |
||
| 300 | _a512p | ||
| 942 |
_cBK _2ddc |
||
| 999 |
_c562255 _d562255 |
||